=LDR 00000nam 2200000 4500 =001 INLIS000000000020629 =005 20130612115555 =008 ***********************************Ind** =035 ##$$a0010-061300000020629 =041 ##$$a Ind =082 ##$$a 341.481 =090 ##$$a 341.481, Cas h =100 ##$$a Casese, Antonio =245 ##$$a Hak asasi manusia di dunia yang berubah, Antonio Cassese ; penerjemah, A. Rahman Zainuddin =260 ##$$a 2005 $b Jakarta =300 ##$$a xxviii, 336 hlm, 21 cm =650 ##$$a Hak asasi Manusia =850 ##$$a NBPNMAT =990 ##$$a 21196847/BPAP-NTB/2014